| 000 | 00907nam a22002891 4500 | ||
|---|---|---|---|
| 001 | 35091 | ||
| 003 | BD-RjUL | ||
| 005 | 20211209052246.0 | ||
| 008 | 140520s1941 enk 000 0 eng | ||
| 035 | _a(BD-RjUL)35185 | ||
| 035 | _a(OCoLC)2350376 | ||
| 040 |
_aDLC _cOKentU _dOCoLC _dDLC _dBD-RjUL _beng |
||
| 041 | _aeng | ||
| 082 |
_a323.30942 _bWOE 1941 |
||
| 100 | 1 |
_aWootton, Barbara, _d1897- _99050 |
|
| 245 | 1 | 0 |
_aEnd social inequality : _ba programme for ordinary people / _cBarbara Wootton |
| 260 |
_aLondon : _bK. Paul, Trench, Trubner & co., _c1941 |
||
| 300 |
_a viii, 9-63 p. ; _c19 cm. |
||
| 490 | 0 |
_aThe Democratic order, ed. by Francis Williams. _vno. 16 |
|
| 500 | _aAt head of title: ... Barbara Wootton. | ||
| 500 | _a"First published 1941." | ||
| 650 | 0 |
_aSocial classes. _9106841 |
|
| 650 | 0 |
_aDemocracy. _9106842 |
|
| 942 |
_2ddc _cBK |
||
| 999 |
_c35091 _d35091 |
||